| 000 | 00587nam a2200253Ia 4500 | ||
|---|---|---|---|
| 003 | AR-RoIUNI | ||
| 005 | 20241122062607.0 | ||
| 008 | 150616s9999 xx 000 0 und d | ||
| 020 | _a9500203901 | ||
| 040 | _cIUNIR | ||
| 040 |
_dOCLC _cIUNIR |
||
| 080 | _a617.7 ALE | ||
| 100 | 1 |
_aAlezzandrini, Arturo Alberto _9358 |
|
| 245 | 1 | _aFundamentos de oftalmologĂa | |
| 250 | _a3a. ed. | ||
| 260 | _aBuenos Aires | ||
| 260 | _bEl Ateneo | ||
| 260 | _c2003 | ||
| 300 | _a368 p. | ||
| 300 | _c23 cm. | ||
| 650 | 1 | 0 |
_aMedicina _958 |
| 650 | 1 | 0 |
_9357 _aOftalmologĂa |
| 942 |
_cBK _2cdu |
||
| 999 |
_c807 _d807 |
||